[Event "Mitropa Cup 25th"]
[Site "Brno"]
[Date "2006.09.10"]
[Round "4.2"]
[White "Blatny, Pavel"]
[Black "Lettieri, Giuseppe"]
[Result "1/2-1/2"]
[WhiteElo "2449"]
[BlackElo "2295"]
[PlyCount "103"]
[EventDate "2006.09.07"]
[EventType "team-tourn"]
[EventRounds "9"]
[EventCountry "CZE"]
[Source "ChessBase"]
[SourceDate "2006.11.03"]
[WhiteTeam "Czech Republic"]
[BlackTeam "Italy"]
[WhiteTeamCountry "CZE"]
[BlackTeamCountry "ITA"]

1. b3 e5 2. Bb2 d6 3. e3 Nc6 4. Ne2 g6 5. g3 Bg7 6. Bg2 Nge7 7. d3 O-O 8. Nd2
Bg4 9. a3 Qd7 10. h3 Be6 11. c4 a5 12. Ne4 h6 13. d4 exd4 14. Nxd4 Nxd4 15.
Bxd4 f6 16. Qd2 Nc6 17. Bb2 a4 18. b4 f5 19. Bxg7 Qxg7 20. Nc3 Bxc4 21. Bd5+
Bxd5 22. Qxd5+ Kh7 23. Rc1 Ne5 24. O-O c6 25. Qxd6 Rad8 26. Qe6 Rfe8 27. Qa2
Rd2 28. Qa1 b5 29. Rfd1 Red8 30. Rxd2 Rxd2 31. Rd1 Qd7 32. Qc1 Rxd1+ 33. Nxd1
Nf3+ 34. Kh1 Ng5 35. h4 Qd5+ 36. Kg1 Nf3+ 37. Kf1 Qd3+ 38. Kg2 Ne1+ 39. Kg1 Qc2
40. Qa1 Nf3+ 41. Kg2 Qe4 42. Kf1 Qc4+ 43. Kg2 Qd5 44. Kf1 Nd2+ 45. Ke2 Nc4 46.
Qc3 Nd6 47. Qf6 Ne4 48. Qe7+ Kg8 49. Qe8+ Kg7 50. Qe7+ Kg8 51. Qe8+ Kg7 52.
Qe7+ 1/2-1/2

[Event "Mitropa Cup 25th"]
[Site "Brno"]
[Date "2006.09.10"]
[Round "4.2"]
[White "Bruno, Fabio"]
[Black "Kalod, Radek"]
[Result "0-1"]
[WhiteElo "2388"]
[BlackElo "2512"]
[PlyCount "72"]
[EventDate "2006.09.07"]
[EventType "team-tourn"]
[EventRounds "9"]
[EventCountry "CZE"]
[Source "ChessBase"]
[SourceDate "2006.11.03"]
[WhiteTeam "Italy"]
[BlackTeam "Czech Republic"]
[WhiteTeamCountry "ITA"]
[BlackTeamCountry "CZE"]

1. c4 Nf6 2. Nc3 c5 3. Nf3 e6 4. g3 b6 5. Bg2 Bb7 6. O-O Be7 7. d4 cxd4 8. Qxd4
d6 9. b3 Nbd7 10. Rd1 a6 11. e4 Qb8 12. Ba3 Nc5 13. e5 dxe5 14. Qxe5 Ncd7 15.
Qxb8+ Rxb8 16. Bd6 Bxd6 17. Rxd6 Ke7 18. Rad1 Rhc8 19. a4 Bxf3 20. Bxf3 Nc5 21.
b4 Ncd7 22. Be2 Ne5 23. c5 bxc5 24. f4 Nc4 25. Rxa6 Ne3 26. Rd3 cxb4 27. Nb5
Ned5 28. Ra7+ Kf8 29. Bf3 Ra8 30. Rxa8 Rxa8 31. Bd1 Ne4 32. Rd4 Nec3 33. Bf3
Rxa4 34. Nd6 b3 35. Rxa4 Nxa4 36. Nc4 b2 0-1

[Event "Mitropa Cup 25th"]
[Site "Brno"]
[Date "2006.09.10"]
[Round "4.2"]
[White "Caruana, Fabiano"]
[Black "Cvek, Robert"]
[Result "0-1"]
[WhiteElo "2444"]
[BlackElo "2509"]
[PlyCount "58"]
[EventDate "2006.09.07"]
[EventType "team-tourn"]
[EventRounds "9"]
[EventCountry "CZE"]
[Source "ChessBase"]
[SourceDate "2006.11.03"]
[WhiteTeam "Italy"]
[BlackTeam "Czech Republic"]
[WhiteTeamCountry "ITA"]
[BlackTeamCountry "CZE"]

1. e4 e6 2. d4 d5 3. Nc3 Bb4 4. e5 c5 5. a3 Bxc3+ 6. bxc3 Ne7 7. h4 Nbc6 8. h5
Qa5 9. Bd2 Bd7 10. h6 gxh6 11. Nf3 O-O-O 12. Bd3 c4 13. Be2 Ng8 14. a4 f6 15.
O-O fxe5 16. dxe5 Nge7 17. Nd4 Rhg8 18. Re1 Ng6 19. Nb5 Nh4 20. g3 Kb8 21. Kh2
Rdf8 22. Rf1 Nxe5 23. gxh4 Qd8 24. Bg5 hxg5 25. Qd4 Nc6 26. Qc5 Qe7 27. Nd6 h6
28. Rab1 Ka8 29. Qa3 gxh4 0-1

[Event "Mitropa Cup 25th"]
[Site "Brno"]
[Date "2006.09.10"]
[Round "4.2"]
[White "Polak, Tomas"]
[Black "Manca, Federico"]
[Result "1-0"]
[WhiteElo "2473"]
[BlackElo "2425"]
[PlyCount "121"]
[EventDate "2006.09.07"]
[EventType "team-tourn"]
[EventRounds "9"]
[EventCountry "CZE"]
[Source "ChessBase"]
[SourceDate "2006.11.03"]
[WhiteTeam "Czech Republic"]
[BlackTeam "Italy"]
[WhiteTeamCountry "CZE"]
[BlackTeamCountry "ITA"]

1. d4 g6 2. c4 Bg7 3. Nf3 d6 4. Nc3 Bg4 5. e3 e5 6. dxe5 dxe5 7. Qxd8+ Kxd8 8.
Ng5 Nh6 9. h3 Bc8 10. g4 f6 11. Nge4 Nf7 12. b3 c6 13. Ba3 Kc7 14. Be2 a5 15.
O-O-O Be6 16. Nc5 Bc8 17. N5e4 Be6 18. Be7 f5 19. gxf5 Bxf5 20. Nd6 Nxd6 21.
Bxd6+ Kc8 22. e4 Be6 23. Na4 Nd7 24. c5 Bf6 25. Rd3 Bd8 26. Rhd1 h5 27. Rg3 g5
28. Bc4 Bxc4 29. bxc4 g4 30. hxg4 h4 31. Rh3 Bg5+ 32. Kc2 Rh7 33. Kd3 Rf7 34.
Ke2 Rf4 35. f3 Rf7 36. Nb6+ Nxb6 37. cxb6 Bf6 38. g5 Bxg5 39. Bxe5 Rd7 40. Rg1
Be7 41. Rg8+ Rd8 42. Rg7 Re8 43. Bd4 a4 44. Bf2 Ra5 45. Rh7 Rg5 46. R3xh4 Rg2
47. Rh2 Rg6 48. Rh8 Rgg8 49. Rxg8 Rxg8 50. c5 Kd7 51. f4 Ra8 52. f5 Ra5 53. Rh7
Ke8 54. Kf3 a3 55. e5 Bxc5 56. Bxc5 Rxc5 57. Kf4 Rc2 58. Rxb7 Rxa2 59. Ra7 Rb2
60. Kg5 Rxb6 61. Kf6 1-0

[Event "Mitropa Cup 25th"]
[Site "Brno"]
[Date "2006.09.10"]
[Round "4.3"]
[White "Bernasek, Jan"]
[Black "Meszaros, Michal"]
[Result "1-0"]
[WhiteElo "2459"]
[BlackElo "2420"]
[PlyCount "113"]
[EventDate "2006.09.07"]
[EventType "team-tourn"]
[EventRounds "9"]
[EventCountry "CZE"]
[Source "ChessBase"]
[SourceDate "2006.11.03"]
[WhiteTeam "Czech Republic II"]
[BlackTeam "Slovakia"]
[WhiteTeamCountry "CZE"]
[BlackTeamCountry "SVK"]

1. d4 Nf6 2. c4 g6 3. Nc3 d5 4. Nf3 Bg7 5. e3 O-O 6. Qb3 c6 7. Bd2 Ne4 8. cxd5
Nxc3 9. dxc6 Nxc6 10. Bxc3 b6 11. Be2 Be6 12. Qd1 Bd5 13. O-O f5 14. Ba6 e6 15.
Qe2 Qd6 16. a3 Rae8 17. Rfd1 h6 18. Nd2 Kh7 19. Nc4 Qc7 20. Bb5 Ra8 21. Nd2 Qb7
22. Ba6 Qe7 23. Rac1 Rad8 24. Nf3 Qd6 25. Ne5 Nxe5 26. dxe5 Qb8 27. Bb4 Rf7 28.
Bd6 Qa8 29. f3 Bf8 30. Rc3 Bxd6 31. exd6 Qb8 32. e4 fxe4 33. fxe4 Bb7 34. e5
Bxa6 35. Qxa6 Rdf8 36. Rdc1 Qd8 37. Qe2 Qh4 38. Rc7 Qd4+ 39. Kh1 Qf4 40. Rxf7+
Rxf7 41. Rd1 Qa4 42. h3 h5 43. Qd2 Qd7 44. Rc1 Qd8 45. Rc4 b5 46. Rd4 Qd7 47.
Rf4 Rg7 48. Qf2 Qb7 49. Qd4 Qc6 50. Rf6 Qc8 51. Kh2 Qd7 52. Qd3 Qe8 53. Qb3 Qc6
54. Qxe6 Qe4 55. d7 Qd4 56. Qd6 Rxd7 57. Rf7+ 1-0

[Event "Mitropa Cup 25th"]
[Site "Brno"]
[Date "2006.09.10"]
[Round "4.3"]
[White "Michalik, Peter"]
[Black "Kanovsky, David"]
[Result "1/2-1/2"]
[WhiteElo "2330"]
[BlackElo "2368"]
[PlyCount "83"]
[EventDate "2006.09.07"]
[EventType "team-tourn"]
[EventRounds "9"]
[EventCountry "CZE"]
[Source "ChessBase"]
[SourceDate "2006.11.03"]
[WhiteTeam "Slovakia"]
[BlackTeam "Czech Republic II"]
[WhiteTeamCountry "SVK"]
[BlackTeamCountry "CZE"]

1. e4 c5 2. Nf3 e6 3. d4 cxd4 4. Nxd4 a6 5. Bd3 Nf6 6. O-O Qc7 7. Qe2 d6 8. Nc3
Nbd7 9. Nb3 Be7 10. a4 b6 11. f4 Bb7 12. Bd2 O-O 13. Rae1 e5 14. f5 Rfc8 15.
Bg5 Bf8 16. Nd2 Re8 17. Bc4 Qc8 18. Kh1 Bc6 19. Nd5 Nxd5 20. exd5 Bxa4 21. b3
Bb5 22. Bxb5 axb5 23. Qxb5 Ra5 24. Qd3 b5 25. f6 g6 26. Qe3 Ra2 27. c3 e4 28.
Nxe4 Re5 29. Qd4 Nc5 30. Bf4 Qg4 31. Ng3 Nxb3 32. Qb4 Ra4 33. Qxb3 Rxe1 34.
Rxe1 Rxf4 35. Qxb5 Rxf6 36. Qe8 h5 37. Ne4 Rf4 38. Nxd6 Rf2 39. Rg1 h4 40. h3
Qf4 41. Ne4 Rf1 42. Rxf1 1/2-1/2

[Event "Mitropa Cup 25th"]
[Site "Brno"]
[Date "2006.09.10"]
[Round "4.3"]
[White "Petrik, Tomas"]
[Black "Simacek, Pavel"]
[Result "1/2-1/2"]
[WhiteElo "2523"]
[BlackElo "2500"]
[PlyCount "240"]
[EventDate "2006.09.07"]
[EventType "team-tourn"]
[EventRounds "9"]
[EventCountry "CZE"]
[Source "ChessBase"]
[SourceDate "2006.11.03"]
[WhiteTeam "Slovakia"]
[BlackTeam "Czech Republic II"]
[WhiteTeamCountry "SVK"]
[BlackTeamCountry "CZE"]

1. e4 e5 2. Nf3 d6 3. d4 Nd7 4. Bc4 c6 5. O-O Be7 6. a4 Ngf6 7. Nc3 O-O 8. Re1
b6 9. d5 cxd5 10. Nxd5 Bb7 11. Bg5 Rc8 12. Bxf6 Nxf6 13. Nxf6+ Bxf6 14. Qd3 Rc5
15. Rad1 Qc8 16. Bb3 Rd8 17. Nd2 d5 18. exd5 Rcxd5 19. Bxd5 Rxd5 20. Qc4 Rc5
21. Qb3 Rxc2 22. Ne4 Bh4 23. g3 Be7 24. Nd6 Bxd6 25. Rxd6 g6 26. Qe3 Qf5 27.
Rd8+ Kg7 28. Re8 Rxb2 29. Qxe5+ Qxe5 30. R8xe5 a5 31. Rb5 Rxb5 32. axb5 Bd5 33.
Re7 Kf6 34. Re8 a4 35. Rb8 Ke5 36. Rxb6 Bb3 37. Rc6 a3 38. b6 a2 39. Rc1 Bd5
40. Kf1 Kd6 41. Ke2 Be4 42. Kd2 Bd5 43. Kc3 Kc6 44. Kd4+ Kd6 45. f4 h6 46. h3
h5 47. Kd3 Bg2 48. Kd4 Bd5 49. g4 hxg4 50. hxg4 Bf3 51. Ra1 Bd5 52. Rc1 Bf3 53.
Kd3 Bd5 54. Ke3 Bb7 55. Ra1 Bd5 56. Kd4 Be6 57. Rc1 Bd5 58. g5 Bg2 59. Kc3 Kc6
60. Kb2+ Kxb6 61. Kxa2 Bc6 62. Kb3 Kc7 63. Rd1 Bd7 64. Kc4 Kc6 65. Ra1 Kd6 66.
Ra6+ Ke7 67. Kd4 Kf8 68. Rd6 Ba4 69. Ke5 Kg7 70. Ra6 Bd7 71. Kd5 Bf5 72. Rc6
Bb1 73. Ra6 Bf5 74. Ke5 Bd3 75. Rc6 Bb1 76. Kd6 Ba2 77. Ke7 Bd5 78. Rb6 Bc4 79.
Rb2 Be6 80. Rb1 Bc4 81. Rb4 Be6 82. Rd4 Bb3 83. Rd2 Bc4 84. Rh2 Be6 85. Rh6 Bc4
86. Rh1 Be6 87. Rh4 Bb3 88. Rh2 Be6 89. Rf2 Bb3 90. Kd6 Be6 91. Ke5 Bf5 92. Rd2
Be6 93. Rb2 Bc4 94. Rb6 Ba2 95. f5 gxf5 96. Kxf5 Bc4 97. Rd6 Ba2 98. Rd1 Bc4
99. Rd2 Be6+ 100. Ke5 Kg6 101. Kf4 Kg7 102. Rg2 Bc4 103. g6 fxg6 104. Kg5 Bd3
105. Ra2 Kf7 106. Ra3 Bf5 107. Ra6 Bd3 108. Rb6 Bf5 109. Kf4 Kg7 110. Ke5 Kh6
111. Kf6 Kh5 112. Rb4 Bd3 113. Rb3 Bf5 114. Rg3 Kh4 115. Rg1 Kh5 116. Rg2 Be4
117. Rg5+ Kh4 118. Rg1 Bf5 119. Ke5 Kh5 120. Kf4 Kh6 1/2-1/2

[Event "Mitropa Cup 25th"]
[Site "Brno"]
[Date "2006.09.10"]
[Round "4.4"]
[White "Abergel, Thal"]
[Black "Sakelsek, Tadej"]
[Result "1/2-1/2"]
[WhiteElo "2477"]
[BlackElo "2432"]
[PlyCount "133"]
[EventDate "2006.09.07"]
[EventType "team-tourn"]
[EventRounds "9"]
[EventCountry "CZE"]
[Source "ChessBase"]
[SourceDate "2006.11.03"]
[WhiteTeam "France"]
[BlackTeam "Slovenia"]
[WhiteTeamCountry "FRA"]
[BlackTeamCountry "SLO"]

1. e4 e5 2. Nf3 Nc6 3. Bc4 Nf6 4. Ng5 d5 5. exd5 Na5 6. Bb5+ Bd7 7. Qe2 Be7 8.
Nc3 O-O 9. Nge4 Nxe4 10. Qxe4 f5 11. Qa4 c6 12. dxc6 Nxc6 13. O-O Kh8 14. Qc4
a6 15. Bxc6 Bxc6 16. Qe2 e4 17. d3 exd3 18. Qxd3 Qa5 19. Bf4 Bf6 20. a3 Bxc3
21. Qxc3 Qxc3 22. bxc3 Rfe8 23. Be3 Rad8 24. Rab1 Rd5 25. c4 Rd7 26. c3 Kg8 27.
Rfd1 Rxd1+ 28. Rxd1 Kf7 29. Kf1 Re5 30. Bb6 Re4 31. Bd4 Re7 32. f3 Ba4 33. Rd2
Bb3 34. c5 Bc4+ 35. Kf2 Bb5 36. Kg3 g5 37. f4 g4 38. Be5 Rd7 39. Bd6 Rd8 40.
Rd5 Kg6 41. h4 h5 42. Kf2 Bc6 43. Rd4 Kf7 44. g3 Ke6 45. Ke3 Bf3 46. Rb4 Kf7
47. Rd4 Ke6 48. Kd3 Bc6 49. Kc4 Bb5+ 50. Kb4 Bc6 51. Ka5 Rd7 52. Kb6 Be4 53. c4
Bc6 54. Rd2 Be4 55. Rd1 Rf7 56. a4 Rd7 57. a5 Rf7 58. Rd2 Rh7 59. Rd1 Rf7 60.
Ka7 Rh7 61. Rd2 Kd7 62. Rb2 Kc8 63. Kb6 Kd7 64. Rd2 Ke6 65. Rd4 Bc6 66. Rd1 Be4
67. Rd2 1/2-1/2

[Event "Mitropa Cup 25th"]
[Site "Brno"]
[Date "2006.09.10"]
[Round "4.4"]
[White "Borisek, Jure"]
[Black "Le Roux, Jean Pierre"]
[Result "1-0"]
[WhiteElo "2495"]
[BlackElo "2496"]
[PlyCount "67"]
[EventDate "2006.09.07"]
[EventType "team-tourn"]
[EventRounds "9"]
[EventCountry "CZE"]
[Source "ChessBase"]
[SourceDate "2006.11.03"]
[WhiteTeam "Slovenia"]
[BlackTeam "France"]
[WhiteTeamCountry "SLO"]
[BlackTeamCountry "FRA"]

1. e4 c5 2. Nf3 d6 3. d4 cxd4 4. Nxd4 Nf6 5. Nc3 a6 6. Be3 e6 7. g4 h5 8. g5
Ng4 9. Bc1 b5 10. h3 Ne5 11. f4 b4 12. Nce2 Nec6 13. Be3 Bb7 14. Bg2 Nd7 15. g6
Nc5 16. gxf7+ Kxf7 17. O-O Be7 18. Nxc6 Bxc6 19. Nd4 Bb7 20. Qe2 Nxe4 21. f5 e5
22. Ne6 Qc8 23. Kh2 a5 24. Bf3 Nf6 25. Qg2 Ng4+ 26. hxg4 hxg4+ 27. Kg1 gxf3 28.
Rxf3 Bf6 29. Qg4 Qxc2 30. Rf2 Qd3 31. Qg6+ Ke7 32. Bg5 Rag8 33. Rc1 d5 34. Nxg7
1-0

[Event "Mitropa Cup 25th"]
[Site "Brno"]
[Date "2006.09.10"]
[Round "4.4"]
[White "Colin, Vincent"]
[Black "Skoberne, Jure"]
[Result "1/2-1/2"]
[WhiteElo "2415"]
[BlackElo "2407"]
[PlyCount "87"]
[EventDate "2006.09.07"]
[EventType "team-tourn"]
[EventRounds "9"]
[EventCountry "CZE"]
[Source "ChessBase"]
[SourceDate "2006.11.03"]
[WhiteTeam "France"]
[BlackTeam "Slovenia"]
[WhiteTeamCountry "FRA"]
[BlackTeamCountry "SLO"]

1. d4 d6 2. e4 g6 3. c4 Nf6 4. Nc3 Bg7 5. f4 O-O 6. Nf3 c5 7. d5 e6 8. Be2 exd5
9. cxd5 Bg4 10. O-O Nbd7 11. h3 Bxf3 12. Bxf3 Qa5 13. Be3 Rfe8 14. g4 Nb6 15.
Qb3 Qb4 16. Qxb4 cxb4 17. Nb5 Nbxd5 18. exd5 Rxe3 19. Nxd6 b3 20. Nxb7 Ne4 21.
Bxe4 Rxe4 22. axb3 Rb8 23. Na5 Rd8 24. Rfd1 Bd4+ 25. Rxd4 Rxd4 26. Nc6 R8xd5
27. Ne7+ Kg7 28. Nxd5 Rxd5 29. Rxa7 Rd3 30. Ra3 Rd2 31. Kf1 Rxb2 32. Ke1 h5 33.
gxh5 gxh5 34. Kd1 Kf6 35. Kc1 Rf2 36. b4 Rxf4 37. Rb3 Ke6 38. b5 Kd7 39. Kd2
Kc7 40. Ke3 Rc4 41. b6+ Kb7 42. Kf3 h4 43. Rb5 Ra4 44. Rb3 1/2-1/2

[Event "Mitropa Cup 25th"]
[Site "Brno"]
[Date "2006.09.10"]
[Round "4.5"]
[White "Berczes, David"]
[Black "Bogner, Sebastian"]
[Result "1-0"]
[WhiteElo "2461"]
[BlackElo "2318"]
[PlyCount "131"]
[EventDate "2006.09.07"]
[EventType "team-tourn"]
[EventRounds "9"]
[EventCountry "CZE"]
[Source "ChessBase"]
[SourceDate "2006.11.03"]
[WhiteTeam "Hungary"]
[BlackTeam "Germany"]
[WhiteTeamCountry "HUN"]
[BlackTeamCountry "GER"]

1. d4 Nf6 2. c4 g6 3. Nc3 Bg7 4. e4 d6 5. Be2 O-O 6. Nf3 e5 7. O-O Nc6 8. d5
Ne7 9. Bg5 Nh5 10. Ne1 Nf4 11. Nd3 Nxe2+ 12. Qxe2 h6 13. Bd2 g5 14. f3 Ng6 15.
g3 f5 16. exf5 Bxf5 17. Nf2 Rf7 18. Be3 b6 19. Nce4 a5 20. b3 Ne7 21. Kg2 Bg6
22. a3 Qd7 23. Rae1 Raf8 24. Nd2 Bh5 25. Nfe4 g4 26. fxg4 Bxg4 27. Rxf7 Bxe2
28. Rxf8+ Kxf8 29. Rxe2 Nf5 30. a4 Kf7 31. h3 Kg6 32. g4 Nd4 33. Bxd4 exd4 34.
Ng3 Be5 35. Nf5 h5 36. Nf3 hxg4 37. hxg4 Kf6 38. Re1 c5 39. Nd2 Kg5 40. Kf3 Qh7
41. Ke4 Bh2 42. Re2 Be5 43. Nf3+ Kf6 44. Re1 Qh3 45. Rg1 Bh2 46. g5+ Kg6 47.
N5h4+ Kg7 48. Rg2 Be5 49. g6 Bf6 50. Nf5+ Kg8 51. Rg1 d3 52. g7 d2 53. Nxd2 Qh2
54. Nf3 Qc2+ 55. Kf4 Be5+ 56. Kg5 Qe4 57. Nxe5 Qxe5 58. Kg6 Qe8+ 59. Kf6 Qe5+
60. Kg6 Qe8+ 61. Kg5 Qe5 62. Rh1 Kf7 63. Rh8 Qf6+ 64. Kg4 Qg6+ 65. Kf4 Kf6 66.
Rf8+ 1-0

[Event "Mitropa Cup 25th"]
[Site "Brno"]
[Date "2006.09.10"]
[Round "4.5"]
[White "Brener, Ilja"]
[Black "Banusz, Tamas"]
[Result "1-0"]
[WhiteElo "2327"]
[BlackElo "2480"]
[PlyCount "91"]
[EventDate "2006.09.07"]
[EventType "team-tourn"]
[EventRounds "9"]
[EventCountry "CZE"]
[Source "ChessBase"]
[SourceDate "2006.11.03"]
[WhiteTeam "Germany"]
[BlackTeam "Hungary"]
[WhiteTeamCountry "GER"]
[BlackTeamCountry "HUN"]

1. e4 e5 2. Nf3 Nc6 3. Bb5 a6 4. Ba4 Nf6 5. O-O Be7 6. Re1 b5 7. Bb3 O-O 8. h3
Bb7 9. d3 d6 10. a3 Qd7 11. Nbd2 Rae8 12. Nf1 Bd8 13. Ne3 Nd4 14. Ba2 c5 15. c3
Ne6 16. Nd5 Nc7 17. c4 Ncxd5 18. cxd5 h6 19. b4 cxb4 20. axb4 Nh7 21. d4 Ng5
22. Nxg5 Bxg5 23. dxe5 dxe5 24. Bxg5 hxg5 25. Qd2 Qd6 26. Rab1 g4 27. hxg4 Rc8
28. Rec1 Rfd8 29. Bb3 Kf8 30. Bd1 Rd7 31. Rxc8+ Bxc8 32. Rc1 Rc7 33. Rxc7 Qxc7
34. d6 Qc6 35. Bb3 Ke8 36. Bd5 Qxd6 37. Bxf7+ Ke7 38. Qxd6+ Kxd6 39. g5 a5 40.
bxa5 Kc5 41. Bd5 Kb4 42. g3 Kc3 43. f4 b4 44. f5 b3 45. Bxb3 Kxb3 46. f6 1-0

[Event "Mitropa Cup 25th"]
[Site "Brno"]
[Date "2006.09.10"]
[Round "4.5"]
[White "Papp, Gabor"]
[Black "Meier, Georg"]
[Result "1/2-1/2"]
[WhiteElo "2481"]
[BlackElo "2450"]
[PlyCount "103"]
[EventDate "2006.09.07"]
[EventType "team-tourn"]
[EventRounds "9"]
[EventCountry "CZE"]
[Source "ChessBase"]
[SourceDate "2006.11.03"]
[WhiteTeam "Hungary"]
[BlackTeam "Germany"]
[WhiteTeamCountry "HUN"]
[BlackTeamCountry "GER"]

1. e4 c5 2. Nf3 d6 3. d4 cxd4 4. Nxd4 Nf6 5. Nc3 a6 6. Bg5 e6 7. f4 Be7 8. Qf3
h6 9. Bh4 Qc7 10. O-O-O Nbd7 11. Be2 Rg8 12. Bg3 b5 13. e5 Bb7 14. Qe3 dxe5 15.
fxe5 Nd5 16. Nxd5 Bxd5 17. Kb1 Bg5 18. Qf2 Nc5 19. Nf5 Ne4 20. Qe1 Rc8 21. c4
bxc4 22. Nd6+ Nxd6 23. exd6 Qb7 24. Be5 Bf6 25. Bf3 c3 26. d7+ Kxd7 27. Rxd5+
Qxd5 28. Bxd5 c2+ 29. Ka1 c1=Q+ 30. Qxc1 Rxc1+ 31. Rxc1 Bxe5 32. Bc4 a5 33. h3
Ke7 34. Kb1 Rb8 35. b3 f5 36. Kc2 h5 37. Re1 Kf6 38. Rd1 Ke7 39. Re1 Kf6 40.
Rd1 Rc8 41. Rd7 a4 42. Ra7 axb3+ 43. Kxb3 Bd6 44. Kc3 Rb8 45. Ra6 Ke5 46. Ra5+
Kf4 47. Ra7 Be5+ 48. Kc2 Bd4 49. Rd7 e5 50. Rxg7 Ra8 51. Kd3 Ba1 52. Rf7
1/2-1/2

[Event "Mitropa Cup 25th"]
[Site "Brno"]
[Date "2006.09.11"]
[Round "5.5"]
[White "Jankovic, Alojzije"]
[Black "Borgo, Giulio"]
[Result "1-0"]
[WhiteElo "2525"]
[BlackElo "2414"]
[PlyCount "93"]
[EventDate "2006.09.07"]
[EventType "team-tourn"]
[EventRounds "9"]
[EventCountry "CZE"]
[Source "ChessBase"]
[SourceDate "2006.11.03"]
[WhiteTeam "Croatia"]
[BlackTeam "Italy"]
[WhiteTeamCountry "CRO"]
[BlackTeamCountry "ITA"]

1. d4 d5 2. c4 e6 3. Nf3 c6 4. Nc3 Nf6 5. Bg5 Nbd7 6. e3 Qa5 7. Nd2 Bb4 8. Qc2
O-O 9. a3 dxc4 10. Bxf6 Nxf6 11. Nxc4 Bxc3+ 12. bxc3 Qc7 13. e4 c5 14. e5 Nd5
15. Bd3 g6 16. Qd2 Bd7 17. Nd6 Bc6 18. O-O Qa5 19. Ne4 Kg7 20. dxc5 Rad8 21.
Rfd1 Ne7 22. Qg5 Bxe4 23. Bxe4 Qxc5 24. h4 Qc7 25. Qf6+ Kg8 26. g3 b6 27. Kg2
Rxd1 28. Rxd1 Rd8 29. Rxd8+ Qxd8 30. g4 Qf8 31. c4 Nc8 32. Bb7 Ne7 33. Kg3 Qd8
34. Be4 Kf8 35. h5 gxh5 36. Qh8+ Ng8 37. Bxh7 h4+ 38. Kh3 Qg5 39. Qxg8+ Qxg8
40. Bxg8 Kxg8 41. Kxh4 Kh8 42. Kg5 Kg7 43. f3 a6 44. a4 a5 45. f4 f6+ 46. exf6+
Kf7 47. Kh6 1-0

[Event "Mitropa Cup 25th"]
[Site "Brno"]
[Date "2006.09.11"]
[Round "5.5"]
[White "Saric, Ante"]
[Black "Bruno, Fabio"]
[Result "0-1"]
[WhiteElo "2475"]
[BlackElo "2388"]
[PlyCount "98"]
[EventDate "2006.09.07"]
[EventType "team-tourn"]
[EventRounds "9"]
[EventCountry "CZE"]
[Source "ChessBase"]
[SourceDate "2006.11.03"]
[WhiteTeam "Croatia"]
[BlackTeam "Italy"]
[WhiteTeamCountry "CRO"]
[BlackTeamCountry "ITA"]

1. Nf3 Nf6 2. g3 b5 3. Bg2 Bb7 4. O-O c5 5. c3 e6 6. d4 cxd4 7. cxd4 Be7 8. Qd3
b4 9. Bg5 Qb6 10. Re1 d5 11. Ne5 h6 12. Bxf6 gxf6 13. Nf3 Nd7 14. Nbd2 O-O 15.
g4 Qd6 16. h3 Rfc8 17. e4 Qf4 18. exd5 Bxd5 19. Nh4 Nb6 20. Be4 Bd6 21. Nf1 f5
22. Bxd5 Nxd5 23. Ng2 Qg5 24. Nfe3 fxg4 25. Nxd5 exd5 26. Re3 gxh3 27. Rxh3
Rc1+ 28. Rxc1 Qxc1+ 29. Qf1 Qg5 30. f4 Qf6 31. Qf3 Qxd4+ 32. Kh1 Bc5 33. Rg3+
Kf8 34. Kh2 Re8 35. Kh3 Re6 36. Qg4 Ke7 37. Nh4 Qe4 38. Rg2 Qd3+ 39. Kh2 Bd6
40. Nf5+ Kd7 41. Ng7 h5 42. Nxh5 Kc6 43. Qg8 Qf5 44. Qc8+ Kb6 45. Qd8+ Bc7 46.
Qh4 Rh6 47. Qf2+ Kb7 48. Qc5 Rxh5+ 49. Kg1 Bb6 0-1

[Event "Mitropa Cup 25th"]
[Site "Brno"]
[Date "2006.09.11"]
[Round "5.4"]
[White "Cvek, Robert"]
[Black "Petrik, Tomas"]
[Result "1/2-1/2"]
[WhiteElo "2509"]
[BlackElo "2523"]
[PlyCount "55"]
[EventDate "2006.09.07"]
[EventType "team-tourn"]
[EventRounds "9"]
[EventCountry "CZE"]
[Source "ChessBase"]
[SourceDate "2006.11.03"]
[WhiteTeam "Czech Republic"]
[BlackTeam "Slovakia"]
[WhiteTeamCountry "CZE"]
[BlackTeamCountry "SVK"]

1. e4 e6 2. d4 d5 3. Nc3 Bb4 4. e5 c5 5. a3 Bxc3+ 6. bxc3 Ne7 7. Qg4 O-O 8. Bd3
Nbc6 9. Qh5 Ng6 10. Nf3 Qc7 11. Be3 Nce7 12. h4 Bd7 13. Qg5 f6 14. exf6 gxf6
15. Qh6 cxd4 16. h5 Qxc3+ 17. Ke2 Nf4+ 18. Bxf4 Nf5 19. Bxf5 Bb5+ 20. Kd1 Qxa1+
21. Bc1 exf5 22. Rh3 f4 23. Ng5 Be2+ 24. Kd2 fxg5 25. Qxg5+ Kh8 26. Qe5+ Kg8
27. Qg5+ Kh8 28. Qe5+ 1/2-1/2

[Event "Mitropa Cup 25th"]
[Site "Brno"]
[Date "2006.09.11"]
[Round "5.4"]
[White "Jurcik, Marian"]
[Black "Cech, Pavel"]
[Result "1/2-1/2"]
[WhiteElo "2328"]
[BlackElo "2417"]
[PlyCount "39"]
[EventDate "2006.09.07"]
[EventType "team-tourn"]
[EventRounds "9"]
[EventCountry "CZE"]
[Source "ChessBase"]
[SourceDate "2006.11.03"]
[WhiteTeam "Slovakia"]
[BlackTeam "Czech Republic"]
[WhiteTeamCountry "SVK"]
[BlackTeamCountry "CZE"]

1. d4 d5 2. c4 c6 3. Nf3 Nf6 4. e3 Bf5 5. Nc3 e6 6. Bd3 Bxd3 7. Qxd3 Be7 8. O-O
Nbd7 9. e4 dxe4 10. Nxe4 Nxe4 11. Qxe4 O-O 12. Bf4 Qa5 13. Rfd1 Rfd8 14. a3 Bf6
15. Rab1 Qh5 16. b4 Nb6 17. Qe2 Rac8 18. h3 h6 19. Be3 Qg6 20. Qa2 1/2-1/2

[Event "Mitropa Cup 25th"]
[Site "Brno"]
[Date "2006.09.11"]
[Round "5.4"]
[White "Kalod, Radek"]
[Black "Michalik, Peter"]
[Result "1-0"]
[WhiteElo "2512"]
[BlackElo "2330"]
[PlyCount "147"]
[EventDate "2006.09.07"]
[EventType "team-tourn"]
[EventRounds "9"]
[EventCountry "CZE"]
[Source "ChessBase"]
[SourceDate "2006.11.03"]
[WhiteTeam "Czech Republic"]
[BlackTeam "Slovakia"]
[WhiteTeamCountry "CZE"]
[BlackTeamCountry "SVK"]

1. e4 e5 2. Nf3 Nf6 3. Nxe5 d6 4. Nf3 Nxe4 5. d4 d5 6. Bd3 Nc6 7. O-O Be7 8. c4
Nb4 9. Be2 O-O 10. Nc3 Bf5 11. a3 Nxc3 12. bxc3 Nc6 13. Re1 Re8 14. cxd5 Qxd5
15. Bf4 Rac8 16. h3 Qe4 17. Bg3 Qc2 18. Qxc2 Bxc2 19. d5 Na5 20. Nd4 Ba4 21.
Bb5 Bxb5 22. Nxb5 Bd6 23. Nxa7 Rcd8 24. Nb5 Bxg3 25. fxg3 Rxe1+ 26. Rxe1 c6 27.
dxc6 Nxc6 28. Nd6 Na5 29. Re7 Kf8 30. Rxf7+ Kg8 31. Rf5 Rxd6 32. Rxa5 Rd1+ 33.
Kh2 Rb1 34. c4 Rb3 35. g4 Rd3 36. Ra7 b6 37. Rb7 Rd6 38. Ra7 Rd3 39. Ra4 Kf7
40. Ra7+ Kg8 41. Rb7 Rd6 42. Kg1 Re6 43. Kf2 h6 44. Kf3 Kh7 45. Rc7 Rd6 46. Ke3
Kg6 47. c5 bxc5 48. Rxc5 Rb6 49. Rc3 Rb2 50. g3 Kf6 51. Ke4 Ra2 52. h4 Ke6 53.
Kd4 Kd6 54. Kc4 Rb2 55. Rb3 Re2 56. Kb5 Kc7 57. a4 Kb7 58. Ka5+ Ka7 59. Rc3
Re5+ 60. Kb4 Kb6 61. Rc4 Re3 62. Rd4 Kc6 63. Rc4+ Kb6 64. h5 Re5 65. Rf4 Re3
66. Rd4 Kc6 67. Rc4+ Kb6 68. a5+ Kb7 69. Rf4 Ka6 70. Rd4 Re6 71. Rc4 Kb7 72.
Kb5 Re3 73. a6+ Kb8 74. Rc6 1-0